Prelados turolenses por el lugar de su nacimiento / (Record no. 70956)

MARC details
000 -LEADER
campo de control de longitud fija 00627nam a2200181 i 4500
001 - NÚMERO DE CONTROL
campo de control 70956
003 - IDENTIFICADOR DE NÚMERO DE CONTROL
campo de control ES-MaACL
005 - FECHA Y HORA DE LA ÚLTIMA TRANSACCIÓN
campo de control 20230906170958.0
007 - CAMPO FIJO DE DESCRIPCIÓN FÍSICA--INFORMACIÓN GENERAL
campo de control de longitud fija t|
008 - DATOS DE LONGITUD FIJA--INFORMACIÓN GENERAL
campo de control de longitud fija 040804s1907 sp ||||1| spa d
100 1# - ENTRADA PRINCIPAL--NOMBRE DE PERSONA
Nombre de persona Gascón y Guimbao, Domingo.
9 (RLIN) 55865
245 10 - MENCIÓN DEL TÍTULO
Título Prelados turolenses por el lugar de su nacimiento /
Mención de responsabilidad, etc. noticias recogidas y ordenadas por Domingo Gascón y Guimbao.
250 ## - MENCION DE EDICION
Mención de edición 2ª ed.
260 ## - PUBLICACIÓN, DISTRIBUCIÓN, ETC.
Lugar de publicación, distribución, etc. Teruel :
Nombre del editor, distribuidor, etc. [s.n.],
Fecha de publicación, distribución, etc. 1907 (
Fabricante Imp. de la Beneficencia)
300 ## - DESCRIPCIÓN FÍSICA
Extensión 52 p. ;
Dimensiones 20 cm.
650 #4 - PUNTO DE ACCESO ADICIONAL DE MATERIA--TÉRMINO DE MATERIA
Término de materia o nombre geográfico como elemento de entrada Turolenses-
Subdivisión general Biografías.
9 (RLIN) 155495
852 ## - LOCALIZACIÓN
Ubicación ES-MaACL
Número de control de estantería T-1100-F-3
Nota libre - Dedicatoria autógrafa del autor
Holdings
Estatus retirado Estado de pérdida Estado de daño No para préstamo Colección Biblioteca de origen Biblioteca actual Ubicación en estantería Fecha de adquisición Fuente de adquisición Total de préstamos Signatura topográfica completa Código de barras Visto por última vez Precio de reemplazo Tipo de ítem Koha
        Colección de folletos Biblioteca del Ateneo de Madrid Biblioteca del Ateneo de Madrid Depósito folletos 17/01/2008     T-1100-F-3 1074303 23/02/2023 23/02/2023 Folleto